000 00513nam a22001937a 4500
005 20260414092914.0
008 260414b |||||||| |||| 00| 0 eng d
020 _a978-81-203-5229-2
050 _aHF 5635 .S64 2023
100 _aSOFAT, RAJNI
245 _aBASIC ACCOUNTING
250 _a3RD
260 _aDELHI,
_bPHI LEARNING PRIVATED LIMITED,
_c2023
300 _aXIX, 695 P, ILL.
500 _aINCLUDES BIBLIOGRAPHY AND INDEXS
650 _aACCOUNTING
700 _aHIRO, PREETI.
942 _2lcc
_cBK
999 _c216937
_d216937